000 01523cam a2200421 i 4500
999 _c14136
_d14136
001 20183354
005 20190816145941.0
008 171208t20182018at a b 001 0 eng d
010 _a 2017963277
015 _aGBB893620
_2bnb
016 7 _a018875614
_2Uk
020 _a9781446294031
020 _a144629403X
020 _a978-1-4462-9405-5
020 _a1446294056
020 _z9781473934467 (ePub ebook)
035 _a(OCoLC)on1047605676
040 _aHUA
_beng
_cHUA
_erda
_dYDX
_dOCLCF
_dSINLB
_dUKMGB
_dDLC
042 _alccopycat
050 0 0 _aLB1139.23
_b.R395 2018
082 0 4 _aDC 372.210942
_22018
_bR233
100 1 _aReardon, Denise,
_eauthor.
_939228
245 1 0 _aEarly years teaching & learning /
_cDenise Reardon, Dilys Wilson, Dympna Reed.
246 3 _aEarly years teaching and learning
250 _aThird edition.
260 _aLos Angeles:
_bSAGE,
_c2018.
300 _axiv, 255 pages :
_billustrations ;
_c24 cm.
504 _aIncludes bibliographical references (pages [235]-247) and index.
650 0 _aEarly childhood education
_xStudy and teaching (Higher)
_zGreat Britain.
_939229
650 0 _aEarly childhood educators
_xIn-service training
_zGreat Britain.
_939230
700 1 _aWilson, Dilys,
_eauthor.
_939231
700 1 _aReed, Dympna,
_eauthor.
_939232
776 0 8 _iebook version :
_z9781473934467
365 _b2,880.00
_cPhp
906 _a7
_bcbc
_ccopycat
_d2
_encip
_f20
_gy-gencatlg
942 _2ddc
_cDC